| 000 | 00691nam a22001937a 4500 | ||
|---|---|---|---|
| 003 | BD-DhUL | ||
| 005 | 20180318101021.0 | ||
| 008 | 161025s1955 bg |||| |||| 000 0 ben d | ||
| 040 |
_aBD-DhUL _cBD-DhUL |
||
| 082 |
_a891.443 _bALJ |
||
| 100 | 1 | _aআল আজাদ, আলাউদ্দীন। | |
| 245 | 0 | 0 |
_aজেগে আছি / _cআলাউদ্দীন আল আজাদ। |
| 250 | _a২য় সং. | ||
| 260 |
_aঢাকা : _bওয়ার্সী বুক সেন্টার, _c১৯৫৫। |
||
| 300 |
_a১৯১ পৃ. ; _c১৮ সেমি. |
||
| 650 | 4 | _aবাংলা উপন্যাস | |
| 650 | 4 | _aBengali fiction | |
| 942 |
_2ddc _cBK |
||
| 999 |
_c239342 _d239342 |
||